Culture Générale - Série 903 - Statistiques

Statistiques générales
  • Ce quiz a été pris 125 fois
  • Le résultat moyen est 5 sur 10
Statistiques - réponses
Question Réponse % Correct
Quel est le pays d'origine du fromage appelé "feta" ? Grèce
99%
Quelle préparation culinaire peut être savoyarde ou bourguignonne ? fondue
94%
Quel oiseau mâle, célèbre pour la longueur et la beauté de sa queue, peut se mettre à brailler ? paon
84%
Quelle est l'unité monétaire de l'Inde ? roupie
72%
Dans quel domaine travaille un mitron ? boulangerie
55%
En novembre 1970, après la mort du général de Gaulle, quel journal a eu pour phrase de titre : "Bal tragique à Colombey - 1 mort" ? Hara Kiri
35%
La sauce vietnamienne fabriquée avec de l'extrait de jus de poisson est appelée "nuoc-... mâm
35%
Le pipa pipa est un amphibien d'Amérique du Sud, que l'on appelle aussi : .....du Surinam crapaud
31%
Quelle chanteuse française a gagné le Concours Eurovision de la Chanson en 1962 avec : "Un premier amour" ? Isabelle Aubret
15%
La laimargue est un animal qui vit au Groenland, c'est un ... requin
12%
Aucun quiz correspondant
Distribution des résultats
% des personnes avec chaque résultat
Percentile par nombre de réponses
Votre historique - résultats
Vous n’avez pas pris ce quiz